Essentials of medical language / (Record no. 31807)

000 -LEADER
fixed length control field 01032cam a2200277 i 4500
001 - CONTROL NUMBER
control field 18388983
005 - DATE AND TIME OF LATEST TRANSACTION
control field 20230731144736.0
008 - FIXED-LENGTH DATA ELEMENTS--GENERAL INFORMATION
fixed length control field 141128s2016 nyua 000 0 eng
010 ## - LIBRARY OF CONGRESS CONTROL NUMBER
LC control number 2014046564
020 ## - INTERNATIONAL STANDARD BOOK NUMBER
International Standard Book Number 9780073513799 (alk. paper)
040 ## - CATALOGING SOURCE
Original cataloging agency DLC
Language of cataloging eng
Transcribing agency DLC
Description conventions rda
Modifying agency DLC
042 ## - AUTHENTICATION CODE
Authentication code pcc
050 00 - LIBRARY OF CONGRESS CALL NUMBER
Classification number R 123 .A44 2016
082 00 - DEWEY DECIMAL CLASSIFICATION NUMBER
Classification number 610.1/4
Edition number 23
100 1# - MAIN ENTRY--PERSONAL NAME
Personal name Allan, David,
Dates associated with a name 1942-
245 10 - TITLE STATEMENT
Title Essentials of medical language /
Statement of responsibility, etc. David M. Allan, MA, MD, Karen D. Lockyer, BS, RHIT, CPC.
250 ## - EDITION STATEMENT
Edition statement Third edition.
300 ## - PHYSICAL DESCRIPTION
Extent xxiv, w-9, 471 pages :
Other physical details color illustrations,
Dimensions 28 cm
500 ## - GENERAL NOTE
General note Includes index.
650 #0 - SUBJECT ADDED ENTRY--TOPICAL TERM
Topical term or geographic name as entry element Medicine
General subdivision Terminology
Form subdivision Programmed instruction.
650 #0 - SUBJECT ADDED ENTRY--TOPICAL TERM
Topical term or geographic name as entry element Communication in medicine
Form subdivision Programmed instruction.
700 1# - ADDED ENTRY--PERSONAL NAME
Personal name Lockyer, Karen.
906 ## - LOCAL DATA ELEMENT F, LDF (RLIN)
a 7
b cbc
c orignew
d 1
e ecip
f 20
g y-gencatlg
942 ## - ADDED ENTRY ELEMENTS (KOHA)
Source of classification or shelving scheme
Koha item type Hard Covered Materials
Classification part R 123 .A44 2016
Holdings
Withdrawn status Lost status Source of classification or shelving scheme Damaged status Not for loan Home library Current library Shelving location Date acquired Source of acquisition Cost, normal purchase price Total Checkouts Full call number Barcode Date last seen Price effective from Koha item type
          MACHAKOS UNIVERSITY LIBRARY MACHAKOS UNIVERSITY LIBRARY Open shelf 31/07/2023 Donation (kimanzi) 475.00   R 123 .A44 2016 39609 31/07/2023 31/07/2023 Hard Covered Materials
© Machakos University Library, Along The Highway, Machakos Wote Rd, Machakos, Kenya P.O. Box 136 - 90100 Machakos - Kenya

Tel: ( +254 ) 723 805829 OR Fax : 044-20353 OR Email: library@mksu.ac.ke